Non-destructive neutron activation analysis of biological material /

Hlavní autor: Rakovič, Miloslav, 1935-2024
Jazyk: Angličtina
Vydáno: Praha : Univerzita Karlova, 1968
Vydání: 1st ed.
Edice: Acta Universitatis Carolinae. Medica. Monographia
Témata:
Fyzický popis: 101 s. ; 8°
Language note: Ruské resumé
Knihy
Uloženo v:
LEADER 01473nam a22004092a 4500
001 001321450
003 CZ BrMZK
005 20130828111036.0
007 ta
008 130828s1968 xr er|||||||||||eng d
015 |a cnb000422990 
035 |a (OCoLC)14500170 
040 |a ABA001  |b cze  |d ABA008  |d ABA001  |d BOA001 
041 1 |a eng  |b rus 
072 7 |a 61  |x Lékařské vědy. Lékařství  |2 Konspekt  |9 14 
080 9 |a 616-07 
080 9 |a 577 
080 9 |a 576.32/.36 
100 1 |a Rakovič, Miloslav,  |d 1935-2024  |7 jk01101990  |4 aut 
245 1 0 |a Non-destructive neutron activation analysis of biological material /  |c Miloslav Rakovič 
246 3 1 |a Nedestruktivní neutronová aktivační analysa biologického materiálu 
250 |a 1st ed. 
260 |a Praha :  |b Univerzita Karlova,  |c 1968 
300 |a 101 s. ;  |c 8° 
490 1 |a Acta Universitatis Carolinae. Medica. Monographia ;  |v 28 
504 |a Obsahuje bibliografii 
546 |a Ruské resumé 
650 0 7 |a neutronová aktivační analýza  |2 czenas 
650 0 7 |a biologický materiál - odběr a zpracování  |2 czenas 
650 0 7 |a laboratorní techniky a postupy  |2 czenas 
650 0 7 |a biofyzika  |2 czenas 
655 7 |a monografie  |7 fd132842  |2 czenas 
830 0 |a Acta Universitatis Carolinae.  |p Medica.  |p Monographia  |0 s 
910 |a BOA001  |b 2-0603.311 
990 |a BK 
991 |b 201308 
996 7 |b 2619008124  |c 2-0603.311  |l Sklad H1  |r Sklad / do 24 hodin  |n 0  |h HS212  |w 001356447  |u 000010  |a 1  |e BOA001  |j MZK50  |s A